000 00391cam a22001337a 4500
008 180718b1957 xxu||||| |||| 00| 0 eng d
082 _aR8x42 A154
100 _aAllen, V.K.
245 _aTrade union leadership: based on a study of Arthur Deakin
_cby V.K. Allen
260 _aLondon
_bLongmans
_c1957
300 _a336p.
650 _aDeakin, Arthur, 1890-1955
650 _aLabour Unions - UK
999 _c357640
_d357640